| 000 | 00504nab a2200145Ia 4500 | ||
|---|---|---|---|
| 003 | ES-SlBCS | ||
| 005 | 20210601125500.0 | ||
| 008 | 140529s1995 xxu||||| |||| 00| 0 eng d | ||
| 041 | _aeng | ||
| 100 | 1 |
_aWatkins, Eric _9159182 |
|
| 245 | 0 | 4 |
_aThe Development of Physical Influx in Early Eighteenth-Century Germany: Gottsched, Knutzen, and Crusius _c Eric Watkins |
| 650 | 0 | 4 |
_aFísica-Siglo XVIII _9159183 |
| 773 | 0 |
_tReview of Methaphysics _gvol. 49, nº. 194, 1995, págs. 295-339 _wRev843 |
|
| 942 | _cAR | ||
| 999 |
_c531068 _d531068 |
||